Buying and supplying quality / (Record no. 128955)

MARC details
000 -LEADER
fixed length control field 00752nam a22002417a 4500
005 - DATE AND TIME OF LATEST TRANSACTION
control field 20170124110048.0
010 ## - LIBRARY OF CONGRESS CONTROL NUMBER
LC control number A-853496
020 ## - INTERNATIONAL STANDARD BOOK NUMBER
Terms of availability 00.00
International Standard Book Number 0873892534
035 ## - SYSTEM CONTROL NUMBER
System control number A-853496
037 ## - SOURCE OF ACQUISITION
Source of stock number/acquisition Cen Lib/Ret
040 ## - CATALOGING SOURCE
Original cataloging agency dpl
Language of cataloging EN
082 ## - DEWEY DECIMAL CLASSIFICATION NUMBER
Classification number 658.562
Item number WEB
100 ## - MAIN ENTRY--PERSONAL NAME
Personal name Weber, Richard T.
9 (RLIN) 24939
245 ## - TITLE STATEMENT
Title Buying and supplying quality /
Statement of responsibility, etc by Richard T. Weber [and] Ross H. Johnson
260 ## - PUBLICATION, DISTRIBUTION, ETC. (IMPRINT)
Name of publisher, distributor, etc Tata McGraw-Hill
Date of publication, distribution, etc 1996
Place of publication, distribution, etc New Delhi
270 ## - ADDRESS
Address 4/12, Asaf Ali Road
City New Delhi
Postal code 110002
300 ## - PHYSICAL DESCRIPTION
Extent 264p.
Dimensions 21cm(Hb)
500 ## - GENERAL NOTE
General note Includes index
650 ## - SUBJECT ADDED ENTRY--TOPICAL TERM
Topical term or geographic name as entry element Production management--Quality control
9 (RLIN) 24940
650 ## - SUBJECT ADDED ENTRY--TOPICAL TERM
Topical term or geographic name as entry element Quality control
9 (RLIN) 10149
700 ## - ADDED ENTRY--PERSONAL NAME
Personal name Johnson, Ross H.
9 (RLIN) 24941
942 ## - ADDED ENTRY ELEMENTS (KOHA)
Source of classification or shelving scheme Dewey Decimal Classification
Koha item type English Books
Classification part 658.562
Call number suffix WEB
Holdings
Withdrawn status Lost status Damaged status Not for loan Home library Current library Date acquired Source of acquisition Cost, normal purchase price Total Checkouts Total Renewals Full call number Barcode Date last seen Date checked out Copy number Cost, replacement price Price effective from Koha item type
        Central Library Central Library 04/07/2015 Cen Lib/Ret 0.00 2 2 658.562 WEB A-853496 25/11/2019 28/10/2019 1 0.00 04/07/2015 English Books

© Delhi Public Library
Hit Counter
free hit counter